| 000 | 01013nam a2200277 a 4500 | ||
|---|---|---|---|
| 001 | 000015201 | ||
| 003 | DO-SdBNP | ||
| 005 | 20240530073933.0 | ||
| 008 | 100203s2009 dr ac 001 m spa d | ||
| 020 | _a9789945404227 | ||
| 040 |
_aDO-SdBNP _bspa _cBNPHU |
||
| 082 |
_aRD864.4409 _bO96L |
||
| 100 | 1 |
_aOvalles, Pedro, _d1957- _923781 |
|
| 245 | 1 | 0 |
_aLenguaje, utopía y creación / _cPedro Ovalles. |
| 260 |
_aSanto Domingo : _bEdiciones de Cultura, _c2009. |
||
| 300 |
_a197 p. : _bil., retrs. ; _c24 cm. |
||
| 500 | _aIncluye datos biográficos del autor en la solapa de la cubierta. | ||
| 590 | _aInventariado, 2020/LP | ||
| 600 | 1 | 1 |
_aGuzmán Carretero, Octovio Emilio, _cCachón, _d1915-1948, _xCrítica e interpretación _934432 |
| 650 | 1 | 0 |
_aEnsayos dominicanos _965 |
| 650 | 1 | 4 |
_aPoesía dominicana _xHistoria y crítica _913072 |
| 650 | 1 | 4 |
_aAutores dominicanos _xHistoria y crítica _922117 |
| 650 | 1 | 0 |
_aLiteratura dominicana. _967 |
| 910 | _aValidado. Control de calidad EMS | ||
| 942 |
_2ddc _cLBS1 |
||
| 999 |
_c14772 _d14772 |
||